000 02460nam a2200265Ia 4500
003 OSt
005 20250702134351.0
008 191128s1986 ck er 000 pdspa d
020 _a95890750405
040 _aCO-JMCR
_cCO-JMCR
041 0 _aspa
082 0 4 _aJ-P
_bCASj
_223
100 1 _aCastro Saavedra, Carlos,
_eautor
_98746
245 1 0 _aJugando con el gato /
_cCarlos Castro Saavedra
250 _aPrimera Edición
260 _aMedellín :
_bBiblioteca Pública Piloto de Medellín,
_c1986.
300 _a203 páginas ;
_c20 cm.
500 _aIncluye diferentes obras publicadas del autor en la solapa. Incluye datos biográficos del autor en la solapa posterior.
505 0 _aUn poco de alegría -- Versos y poesías -- Para Antioquia -- Tiranía -- Reaccionario -- El joven juvenal -- Fotografía del aburrimiento -- Politiqueros -- Paisaje intelectual -- Oración de la envidia -- La última fiesta -- Millonario -- Epitafio para Bolívar -- Buenas noticias -- Contratiempo -- Indiferencia -- Maternidad -- Desertor -- Dirigen al político -- Elefante -- Fiesta parroquial -- Palo arriba -- Ciertos doctores -- La paz -- Concierto -- Filantropía -- Don pepe -- Velorio -- Inventario de sueños -- Sobre infancia -- El mar -- En la olla -- Una sonrisa -- Gordura -- La guerra -- Tristeza, vieja fría -- Pequeñas cosas dulces -- Serapio -- Este señor -- Regionalismo -- Arriba las mujeres -- Soneto feliz -- Mediocridad -- La consigna -- Soneto casi gris -- Otra vez la montaña -- Cierta ternura -- Borrachos -- Timoteo -- Aplauso -- Ambiente -- Medio luto -- Auto burla -- Don trino -- Nota social -- Auto retrato -- Arribismo -- Tierra fría -- Tierra caliente -- Un tal Julio, señores -- A los soldados y los guerrilleros -- Contrabando -- La soledad -- Otra nota social -- Navegando con Gabo -- Declaración -- Resistencia -- Canción tonta -- Cosas de la vida -- Declamación -- Aun reptil -- Venancia -- Invierno -- Crónica de la provincia -- Estas cosas me gustan -- Recuerdo -- Paloma -- Declaraciones -- El tren -- Entre el amor y la pared -- Soneto Almibarado -- Testimonio -- Homenaje -- Lunes -- Ser poeta -- Aquí se habla de un caballo -- El viaje -- Los "vivos" -- Narcotráfico -- Atardecer -- Dios -- Petición -- Un poco de llanto
546 _aspa
650 1 4 _aPoesía colombiana.
_98747
650 2 4 _aSentimientos en la literatura.
_940496
650 2 4 _aVida cotidiana en la poesía.
_941908
942 _2ddc
_cBK
999 _c4599
_d4599